Catálogo
 En Linea

Cozquilla del gusto / (Registro nro. 24335)

Detalles MARC
000 -CABECERA
campo de control de longitud fija 00923nam a2200241 a 4500
001 - NÚMERO DE CONTROL
campo de control 000024842
005 - FECHA Y HORA DE LA ÚLTIMA TRANSACCIÓN
campo de control 20200930023413.0
008 - DATOS DE LONGITUD FIJA--INFORMACIÓN GENERAL
campo de control de longitud fija 110204s1951 sp r 000 0 spa d
040 ## - FUENTE DE LA CATALOGACIÓN
Centro catalogador/agencia de origen DO-SdBNP
Lengua de catalogación spa
Centro/agencia transcriptor BNPHU
082 ## - NÚMERO DE LA CLASIFICACIÓN DECIMAL DEWEY
Número de clasificación xxxx
Número de documento/Ítem A454c
049 ## - FONDOS LOCALES (OCLC)
Fondos de biblioteca BNGR
100 1# - ENTRADA PRINCIPAL--NOMBRE DE PERSONA
Nombre de persona Alonso Maluenda, Jacinto
9 (RLIN) 50987
245 10 - MENCIÓN DE TÍTULO
Título Cozquilla del gusto /
Mención de responsabilidad, etc. Jacinto Alonso Maluenda ; edición Eduardo Juliá Martínez.
260 ## - PUBLICACIÓN, DISTRIBUCIÓN, ETC.
Lugar de publicación, distribución, etc. Madrid :
Nombre del editor, distribuidor, etc. Tipográfica,
Fecha de publicación, distribución, etc. 1951.
300 ## - DESCRIPCIÓN FÍSICA
Extensión v. ;
Dimensiones 17.5 cm.
490 1# - MENCIÓN DE SERIE
Mención de serie Biblioteca de antiguos libros hispánicos, serie A ;
Designación de volumen o secuencia 16
500 ## - NOTA GENERAL
Nota general Incluye nota bibliográfica.
500 ## - NOTA GENERAL
Nota general Biblioteca posee vol. 1.
500 ## - NOTA GENERAL
Nota general Incluye notas al pie de las páginas.
700 1# - PUNTO DE ACCESO ADICIONAL--NOMBRE DE PERSONA
Nombre de persona Juliá Martínez, Eduardo,
Término indicativo de función/relación ed.
9 (RLIN) 50988
710 2# - PUNTO DE ACCESO ADICIONAL--NOMBRE DE ENTIDAD CORPORATIVA
Nombre de entidad corporativa o nombre de jurisdicción como elemento de entrada Instituto MIguel de Cervantes,
Unidad subordinada Consejo Superior de Investigaciones Científicas
9 (RLIN) 50989
830 #0 - PUNTO DE ACCESO ADICIONAL DE SERIE-TÍTULO UNIFORME
Título uniforme Biblioteca de antiguos libros hispánicos, serie A ;
Número de parte o sección de la obra 16
9 (RLIN) 50990
Existencias
Estado de retiro Estado de pérdida Restricciones de uso No para préstamo Código de colección Localización permanente Ubicación/localización actual Ubicación en estantería Fecha de adquisición Número de inventario Total de préstamos Signatura topográfica completa Código de barras Fecha visto por última vez Precio válido a partir de Tipo de ítem Koha
        Monografías: Libros y Folletos General General En catalogación 04.02.2011 LF1   xxxx A454c 24842-10 25.06.2020 25.06.2020 Préstamo en sala

Con tecnología Koha